000 00641nam a2200229Ia 4500
003 OSt
005 20220928120737.0
006 a|||||r|||| 00| 0
007 ta
008 220927b |||||||| |||| 00| 0 eng d
024 _a48423
037 _cTextual
040 _aSDCL
_cSDCL
_beng
041 _2eng
_aeng
082 _aY:1.237'M, K8
100 _aSharma G N
_9357452
245 0 _aSocial life in medieval Rajasthan (1500-1800 A.D.).
260 _aAgra
_bLakshmi Narain Agrawal
_c1968
300 _axii,447p.+Various pagination
_ccm.
942 _hY:1.237'M, K8
_cTEXL
_2CC
999 _c765013
_d765013